الشمس و القمر و الكواكب / (رقم التسجيلة. 52368)

تفاصيل مارك
000 -LEADER
fixed length control field 00691nam a22002297a 4500
005 - DATE AND TIME OF LATEST TRANSACTION
control field 20251108170928.0
008 - FIXED-LENGTH DATA ELEMENTS--GENERAL INFORMATION
fixed length control field 250721s1987 xx 000 0 ara d
082 14 - DEWEY DECIMAL CLASSIFICATION NUMBER
Classification number ط/523/ماي
100 1# - MAIN ENTRY--PERSONAL NAME
Personal name مايرنغ، لن
245 10 - TITLE STATEMENT
Title الشمس و القمر و الكواكب /
264 1# - PRODUCTION, PUBLICATION, DISTRIBUTION, MANUFACTURE, AND COPYRIGHT NOTICE
Place of production, publication, distribution, manufacture بيروت :
Name of producer, publisher, distributor, manufacturer المؤسسة العربية للدراسات،
Date of production, publication, distribution, manufacture, or copyright notice 1987.
300 ## - PHYSICAL DESCRIPTION
Extent 23ص. : مص.
490 0# - SERIES STATEMENT
Series statement فتش و تعلم
650 17 - SUBJECT ADDED ENTRY--TOPICAL TERM
Topical term or geographic name as entry element الشمس
650 17 - SUBJECT ADDED ENTRY--TOPICAL TERM
Topical term or geographic name as entry element القمر
650 17 - SUBJECT ADDED ENTRY--TOPICAL TERM
Topical term or geographic name as entry element الكواكب
653 ## - INDEX TERM--UNCONTROLLED
Uncontrolled term ناشئون صغار (10-14 سنة)
700 1# - ADDED ENTRY--PERSONAL NAME
Personal name سنودن، شيلا
700 1# - ADDED ENTRY--PERSONAL NAME
Personal name بدر، عبد الرحيم
Relator term Tran.
942 ## - ADDED ENTRY ELEMENTS (KOHA)
Source of classification or shelving scheme Dewey Decimal Classification
Koha item type كتب
المقتنيات
حالة السحب حالة الفقدان مصدر التصنيف حالة التلف غير قابل للإعارة المكتبة الرئيسية المكتبة الحالية موقع الرف تاريخ التزويد الرقم المتسلسل Total Checkouts رقم الإستدعاء تاريخ آخر ظهور تاريخ الفاتورة نوع المادة (كوها) الباركود
    Dewey Decimal Classification     مكتبة أم المؤمنين للأطفال مكتبة أم المؤمنين للأطفال الأطفال 28/07/2025 431211   ط/523/ماي 28/07/2025 28/07/2025 كتب 431211
    Dewey Decimal Classification     مكتبة الأميرة ايمان العامة مكتبة الأميرة ايمان العامة الأطفال 23/12/2013 1687.   ط/523/ماي 28/07/2025 23/12/2013 كتب PLD00291368
    Dewey Decimal Classification Unchecked   مكتبة الاميرة بديعة مكتبة الاميرة بديعة الأطفال 06/07/2004 30   ط/523/ماي 28/07/2025 06/07/2004 كتب  
Implemented & Customized by: BBB with SCIT (Smart Chains for Information Technology)

Powered by Koha